01130nam a2200265 a 4500001001000000003000400010005001700014008004100031040002500072082002600097100003000123245006700153250001100220260004200231300002800273500020300301590002700504600003700531651006200568651004200630910003700672942001400709952012400723999001700847000027552OSt20260321073641.0091204s1988 dr a 000 0 spa d aDO-SdBNPbspacBNPHU a320.97293bJ61c, 19881 aJiménez, Felucho92327610a¿Cómo fue el gobierno de Juan Bosch ? /cFelucho Jiménez. a2a ed. aSanto Domingo :bAlfa y Omega,c1988. a445 p. :bil. ;c21 cm. a"Constitución, leyes, decretos, discursos, programas y acciones relevantes del gobierno del Prof. Bosch del 1963. Incluye una entrevista especial al Prof. Bosch acerca de su programa de gobierno". aInventariado, 2018/ YL10a Bosch, Juan, d1909-2001976555 4aRepública DominicanaxPolítica Y Gobiernoy1961-9204 4aRepública DominicanaxHistoria9170 aValidado. Control de calidad MFF 2ddccLBS1 0010718PDaPDbPDcHDd2011-04-01iLF1l0o320.97293 J61c, 1988p27552-10r2020-06-25w2020-06-25yLFPDZNo se presta c27044d27044